Inovácie a duševné vlastníctvo v medzinárodnom obchode a podnikaní diplomová práca

Saved in:
Bibliographic Details
Main Author: Danížeková, Liliana
Corporate Author: Obchodná fakulta EU. Katedra medzinárodného obchodu
Other Authors: Kittová, Zuzana, 1975-
Format: Book
Language:Slovak
Published: Bratislava 2020
Tags: Add Tag
No Tags, Be the first to tag this record!

MARC

LEADER 00000nbm a2200000 4500
001 0266340
005 20201008083035.0
041 0 |a slo 
044 |a SK 
245 1 0 |a Inovácie a duševné vlastníctvo v medzinárodnom obchode a podnikaní  |b diplomová práca  |c Liliana Danížeková ; školiteľ: Zuzana Kittová 
264 1 |a Bratislava  |c 2020 
300 |a 94 s. 
100 1 |a Danížeková, Liliana 
700 1 |a Kittová, Zuzana, 1975- 
710 2 |a Obchodná fakulta EU. Katedra medzinárodného obchodu